000 00683nam a2200229Ia 4500
003 OSt
005 20221007101951.0
006 a|||||r|||| 00| 0
007 ta
008 221006b |||||||| |||| 00| 0 eng d
024 _a9,025
037 _cBound Volume
040 _aLCO
_cLCO
_beng
041 _2eng
_aeng
082 _aZm2,N76, L6
245 0 _aGOVT. OF INDIA (Ministry of Law, Justice & Co. Affairs), Acts of Parliament,1974 with a table showing effect of Legislation & an Index
260 _aNew
_bDelhi Govt. Press
_c1976
300 _a750
650 _aGOVT. OF INDIA
_9701421
942 _hZm2,N76, L6
_cCR
999 _c1178588
_d1178588